000 00467nam a2200133Ia 4500
008 100328s9999 xx 000 0 und d
082 _b12094
100 _aसरदार गंगाधर बाळकृष्ण
245 _aमहाराष्ट्र-जीवन
260 _bजोशी आणि लोखंडे
630 _aमहाराष्ट्र-जीवन
730 _aमहाराष्ट्र-जीवन
942 _cBOOK
999 _c507381
_d507378